Les 20 villes les plus peuplées de Cantal (15) - Statistiques

Statistiques générales
  • Ce quiz a été pris 30 fois
  • Le résultat moyen est 9 sur 20
Statistiques - réponses
HINT HINT ANSWER % Correct
26 189 A Aurillac
100%
3 503 M Mauriac
84%
6 390 S Saint-Flour
84%
6 363 A Arpajon-sur-Cère
64%
4 316 Y Ytrac
64%
1 801 M Massiac
60%
2 403 R Riom-ès-Montagnes
52%
1 908 V Vic-sur-Cère
52%
1 770 M Murat
48%
2 131 M Maurs
44%
2 164 N Naucelles
44%
1 633 Y Ydes
44%
2 040 J Jussac
36%
1 464 P Pleaux
32%
1 388 S Sansac-de-Marmiesse
28%
1 577 N Neussargues en Pinatelle
20%
1 538 S Saint-Paul-des-Landes
20%
1 350 L Lanobre
12%
1 689 N Neuvéglise-sur-Truyère
12%
1 537 S Saint-Mamet-la-Salvetat
12%
Aucun quiz correspondant
Distribution des résultats
% des personnes avec chaque résultat
Percentile par nombre de réponses
Votre historique - résultats
Vous n’avez pas pris ce quiz